banner koha

Condução da água em canais de seção circular (Registro n. 329091)

MARC details
000 -LÍDER
fixed length control field 00756nab a2200241 4500
003 - CÓDIGO MARC DA AGÊNCIA CATALOGADORA
Campo de controle BR-BrBNA
005 - DATA E HORA DA ÚLTIMA ATUALIZAÇÃO
Campo de controle 20241207233459.0
008 - CAMPO DE TAMANHO FIXO
fixed length control field 241207b bl.||||| |||| 00| 0 por d
040 ## - FONTE DA CATALOGAÇÃO
Agência catalogadora BR-BrBNA
Idioma da catalogação por
072 ## - CATEGORIA AGRIS
Código AGRIS P10 ; F06
100 ## - ENTRADA PRINCIPAL - NOME PESSOAL
Nome pessoal Couto, José Luiz Viana do
245 ## - TÍTULO PRINCIPAL
Título principal Condução da água em canais de seção circular
500 ## - NOTA GERAL
Nota geral 2 ref.; 1 illus.; 1 table; 1 graph
942 ## - ADDED ENTRY ELEMENTS (KOHA)
Koha item type Analítica
520 ## - NOTA DE RESUMO
Nota de conteúdo DIMENSIONAMENTO HIDRÁULICO
520 ## - NOTA DE RESUMO
Nota de conteúdo DECLIVIDADE
650 ## - ASSUNTO - THESAGRO
Cabeçalho tópico ou nome geográfico MANEJO DA ÁGUA
650 ## - ASSUNTO - THESAGRO
Cabeçalho tópico ou nome geográfico CANAL DE ESCOAMENTO
650 ## - ASSUNTO - THESAGRO
Cabeçalho tópico ou nome geográfico DIMENSÃO
650 ## - ASSUNTO - THESAGRO
Cabeçalho tópico ou nome geográfico VAZÃO
773 0# - ENTRADA ANALÍTICA
Host Biblionumber 4820
Registro do item 344682
Imprenta Votuporanga/SP IRRIGAZINE 2009
Outro identificador 2024-5015
Título Irrigazine (Brazil)
Colação v. 8(29) p. 15-16; (Dec 2012)
Número de controle de registro BR2024003879

Nenhum exemplar disponível.

BINAGRI

Telefone: (61)3218-2567/2388/3357/2097 - binagri@agro.gov.br

Ministério da Agricultura e Pecuária , Esplanada dos Ministérios, Bloco D, Anexo B, Brasília/DF, CEP: 70.043-900